| 000 | 03123nam a2200577Ia 4500 | ||
|---|---|---|---|
| 001 | dia_5727 | ||
| 003 | CHAP | ||
| 005 | 20240315132106.0 | ||
| 007 | ta | ||
| 008 | 220117s2009 mx ado fr 001 0 spa d | ||
| 040 |
_cCHAP _amxchpua |
||
| 090 |
_aT.C.480 _bM67 IA _c2009 |
||
| 245 | 1 | 0 |
_aInforme del viaje de estudios del 19 al 31 de enero : _bestados de México, Guanajuato, Michoacán, Colima, Jalisco y Querétaro / _ccoordinador Tayde Morales Santos ; colaboradores Jonathan Díaz López...[et al.] |
| 260 |
_aMéxico : _bEl autor, _c2009 |
||
| 300 |
_a247 hojas : _bilustraciones, gráficas, diagramas, tablas, fotos |
||
| 336 |
_2rdacontent _atexto _btxt |
||
| 337 |
_2rdamedia _ano mediado _bn |
||
| 338 |
_2rdacarrier _avolumen _bnc |
||
| 500 | _a4° año Grupo 1 -- Incluye directorio en el reporte | ||
| 502 |
_aViaje de Estudios _b(IA) -- _cUACh. Departamento de Ingeniería Agroindustrial, _d2009 |
||
| 505 | _tEmpresas visitadas: -- 1. Cremería Covadonga, S. A. de C. V. -- 2. La Harinera, S. A. de C. V. -- 3. BIMBO, S. A. de C. V. Planta Toluca -- 4. Empresa Barcel, S. A. de C. V . -- 5. Chocolatera Moctezuma, S. A. de C. V . -- 6. Artifibras, S. A. de C. V. -- 7. Empacadora de aguacate San Lorenzo, S. A. de C. V. -- 8. La Estrella dulces regionales S. de R. L. -- 9. Harinera Pirineos, S. A. de C. V . -- 10. Forrajes El NOGAL, S. A. de C. V. -- 11. COEPLIM-COL Consejo Estatal de Productores de Limón Colima, A. C. -- 12. Consejo Estatal de Coco de Colima COECOCO, A. C. -- 13. Empacadora de limón LITECO -- 14. Industria Citrojugo, S. A. de C. V. -- 15. Cocos y derivados de México, S. P. R. de R. L. -- 16. Derivados e Industrializados de coco Las Palmas de Tecomán, S. P. R. de R. L. -- 17. Ingenio Azúcarero Melchor Ocampo,S. A. de C. V .-- 18. Cervecería Modelo de Guadalajara, S. A. de C. V. -- 19. Tequilera La Rojeña de casa Cuervo, S. A. de C. V . -- 20. Unión de Productores de Leche de Querétaro, S. A. deC. V. | ||
| 650 | 1 | 3 |
_aAguacate _92490 |
| 650 | 1 | 3 |
_aCoco _924234 |
| 650 | 1 | 3 |
_aIndustria azucarera _957780 |
| 650 | 1 | 3 |
_aIndustria cervecera _957799 |
| 650 | 1 | 3 |
_aIndustria lechera _957819 |
| 650 | 1 | 3 |
_aIndustria láctea _9143326 |
| 650 | 1 | 3 |
_aIndustria molinera _9157045 |
| 650 | 1 | 7 |
_aTequila _9112336 |
| 650 | 1 | 3 |
_aIndustria panadera _9147086 |
| 650 | 1 | 3 |
_aJugos de frutas _962314 |
| 650 | 1 | 3 |
_aLimón _966813 |
| 650 | 1 | 3 |
_aLemons _9148301 |
| 650 | 1 | 3 |
_aFruit juices _9148584 |
| 650 | 1 | 3 |
_aAvocados _9148887 |
| 650 | 1 | 3 |
_aCoconuts _9152640 |
| 650 | 1 | 3 |
_aDairy industry _9147068 |
| 650 | 1 | 3 |
_aBakery industry _9147084 |
| 650 | 1 | 3 |
_aMilling industry _9157318 |
| 650 | 1 | 3 |
_aSugar industry _9151278 |
| 650 | 1 | 3 |
_aBrewing industry _9151423 |
| 650 | 1 | 3 |
_aMilk industry _9147869 |
| 700 | 1 |
_aMorales Santos, Tayde _978416 _ecoordinador |
|
| 700 | 1 |
_aDíaz López, Jonathan _9159462 _ecolaborador |
|
| 901 | _aT.C.480 M67 IA 2009 | ||
| 902 | _aM | ||
| 905 | _a5232272009 mx dbi 8223123322spa16 | ||
| 942 | _2local | ||
| 942 | _cVE | ||
| 999 |
_c176747 _d176747 |
||